| 000 | 00465nam a2200169Ia 4500 | ||
|---|---|---|---|
| 008 | 230917s9999||||xx |||||||||||||| ||und|| | ||
| 020 | _cRS 995.00 | ||
| 040 |
_e5014764 _aMAIN |
||
| 041 | _aEnglish | ||
| 082 | _a320.07 U1T | ||
| 100 | _aUpadhyay, Usha | ||
| 245 | 0 | _aTechniques of teaching political science | |
| 260 |
_aDelhi _bShivani Book Agency _c2021 |
||
| 300 | _aviii, 296 p. | ||
| 500 | _a4380 14/01/2022 TBS22/00065 20/01/2022 Main Budget | ||
| 942 | _cBK | ||
| 999 |
_c4586 _d4586 |
||